000 00937 a2200229 4500
001 109
005 20260407155410.0
008 260407a2007 arg spa d
003 AR-UNSa-BCEJYS
040 _aAR-UNSa-BCEJYS
_bspa
_cAR-UNSa-BCEJYS
080 _a378.4(826.7)
_xUniversidad Nacional de Salta
245 1 0 _aProyecto Fundacional de la Universidad Nacional de Salta
_pEstudio de factibilidad
020 _a978-987-9381-97-7
264 1 _aSalta :
_bEUNSa (Editorial de la Universidad Nacional de Salta)
_c2007
300 _a3 v.
_c20 cm.
505 _aVol. I: Introducción y antecedentes legales -- Vol. II: Bases académicas -- Vol. III: Fines, objetivos y zona de influencia
041 _aspa
942 _cBK
590 _aniveau_biblio:m niveau_hierar:0
100 1 _aUniversidad Nacional de Salta
856 4 1 _uhttps://biblioeco.unsa.edu.ar/pmb/images/libros/Estudio de contablidad-l117381.jpg
_yImagen de portada
_qimage/jpeg
999 _c84
_d84